<?xml version="1.0" encoding="UTF-8"?><?xml-stylesheet type="text/xsl" href="static/style.xsl"?><OAI-PMH xmlns="http://www.openarchives.org/OAI/2.0/" xmlns:xsi="http://www.w3.org/2001/XMLSchema-instance" xsi:schemaLocation="http://www.openarchives.org/OAI/2.0/ http://www.openarchives.org/OAI/2.0/OAI-PMH.xsd"><responseDate>2026-04-27T19:54:31Z</responseDate><request verb="GetRecord" identifier="oai:uvadoc.uva.es:10324/76211" metadataPrefix="marc">https://uvadoc.uva.es/oai/request</request><GetRecord><record><header><identifier>oai:uvadoc.uva.es:10324/76211</identifier><datestamp>2026-04-16T08:19:09Z</datestamp><setSpec>com_10324_29292</setSpec><setSpec>com_10324_29291</setSpec><setSpec>col_10324_29293</setSpec></header><metadata><record xmlns="http://www.loc.gov/MARC21/slim" xmlns:doc="http://www.lyncode.com/xoai" xmlns:xsi="http://www.w3.org/2001/XMLSchema-instance" xmlns:dcterms="http://purl.org/dc/terms/" xsi:schemaLocation="http://www.loc.gov/MARC21/slim http://www.loc.gov/standards/marcxml/schema/MARC21slim.xsd">
<leader>00925njm 22002777a 4500</leader>
<datafield tag="042" ind1=" " ind2=" ">
<subfield code="a">dc</subfield>
</datafield>
<datafield tag="720" ind1=" " ind2=" ">
<subfield code="a">Carro Sancristóbal, Luis</subfield>
<subfield code="e">author</subfield>
</datafield>
<datafield tag="720" ind1=" " ind2=" ">
<subfield code="a">Carabias Herrero, Manuel</subfield>
<subfield code="e">author</subfield>
</datafield>
<datafield tag="260" ind1=" " ind2=" ">
<subfield code="c">2018</subfield>
</datafield>
<datafield tag="520" ind1=" " ind2=" ">
<subfield code="a">La presente obra expone los fundamentos y bases del procedimiento de reconocimiento, validación y acreditación de la educación no formal e informal. Se describe el aprendizaje a lo largo de la vida desde una perspectiva educativa, laboral, personal y social. En este trabajo se pone en valor la relevancia de la educación a lo largo de la vida describiendo el impacto que tiene para la sociedad actual disponer de competencias necesarias para desenvolverse de forma satisfactoria en la sociedad presente y futura. Han sido descritos, para una mejor comprensión del contenido, los marcos de referencia para la formación profesional en Europa y su adaptación al Sistema Nacional de Cualificaciones y Formación Profesional. Se hace un recorrido histórico y normativo de la validación de los aprendizajes no formales e informales, describiendo las primeras experiencias, las directrices europeas que lo sostienen y cómo se dispone en España.</subfield>
</datafield>
<datafield tag="024" ind2=" " ind1="8">
<subfield code="a">De la formación a la validación : perspectiva europea y española del reconocimiento,  validación  y  acreditación  de  las  competencias  profesionales  /  Manuel  Carabias Herrero, Luis Carro Sancristóbal.  Ediciones Universidad de Valladolid, 2018</subfield>
</datafield>
<datafield tag="024" ind2=" " ind1="8">
<subfield code="a">978-84-8448-988-7</subfield>
</datafield>
<datafield tag="024" ind2=" " ind1="8">
<subfield code="a">https://uvadoc.uva.es/handle/10324/76211</subfield>
</datafield>
<datafield tag="024" ind2=" " ind1="8">
<subfield code="a">10.24197/eduva.763</subfield>
</datafield>
<datafield ind1=" " ind2=" " tag="653">
<subfield code="a">Competencias profesionales</subfield>
</datafield>
<datafield ind1=" " ind2=" " tag="653">
<subfield code="a">Docentes - Evaluación</subfield>
</datafield>
<datafield ind1=" " ind2=" " tag="653">
<subfield code="a">Educación basada en competencias</subfield>
</datafield>
<datafield tag="245" ind1="0" ind2="0">
<subfield code="a">De la formación a la validación. Perspectiva europea y española del reconocimiento, validación y acreditación de competencias profesionales</subfield>
</datafield>
</record></metadata></record></GetRecord></OAI-PMH>